| 000 | 00000cam 2200000zi 4500 |
| 001 | 9.957971 |
| 003 | CaOODSP |
| 005 | 20260604104808 |
| 006 | m o d f |
| 007 | cr mn||||||||| |
| 008 | 251204t20252025onc ob f000 0 fre d |
| 020 | |a9780660975740 |
| 040 | |aCaOODSP|bfre|erda|cCaOODSP |
| 043 | |an-cn--- |
| 086 | 1 |aBT58-15/2025F-PDF |
| 245 | 00|aPolitique sur les bacs à sable réglementaires. |
| 264 | 1|aOttawa, Ontario : |bSecrétariat du Conseil du trésor du Canada = Treasury Board of Canada Secretariat, |c2025. |
| 264 | 4|c©2025 |
| 300 | |a1 ressource en ligne (12 pages) |
| 336 | |atexte|btxt|2rdacontent/fre |
| 337 | |ainformatique|bc|2rdamedia/fre |
| 338 | |aressource en ligne|bcr|2rdacarrier/fre |
| 500 | |aPublié aussi en anglais sous le titre : Policy on regulatory sandboxes. |
| 500 | |a« Publié : le 2025-11-24. » |
| 504 | |aComprend des références bibliographiques (page 12). |
| 650 | 6|aAdministration publique (Science)|zCanada. |
| 650 | 6|aInnovations|xPolitique gouvernementale|zCanada. |
| 710 | 1 |aCanada. |bConseil du trésor, |eorganisme de publication. |
| 775 | 08|tPolicy on regulatory sandboxes.|w(CaOODSP)9.957970 |
| 856 | 40|qPDF|s873 Ko|uhttps://publications.gc.ca/collections/collection_2026/sct-tbs/BT58-15-2025-fra.pdf |
| 856 | 4 |qHTML|sS.O.|uhttps://www.canada.ca/fr/gouvernement/systeme/lois/developpement-amelioration-reglementation-federale/exigences-matiere-elaboration-gestion-examen-reglements/politique-bacs-sable-reglementaires.html |